Music Quiz

Random Music or Album Quiz
Score 0/26 Timer 08:00
0 Plays Today
Opening Track Album % Correct
Smells Like Teen SpiritNevermind - Nirvana
75.5%
Welcome to the JungleAppetite for Destruction - Guns N’ Roses
73.6%
Where the Streets Have No NameThe Joshua Tree - U2
59.7%
Seven Nation ArmyElephant - The White Stripes
51.2%
TaxmanRevolver - The Beatles
48.1%
Wouldn't It Be NicePet Sounds - The Beach Boys
47.2%
Thunder RoadBorn to Run - Bruce Springsteen
44.3%
Hello(What’s the Story) Morning Glory? - Oasis
43.4%
Wanna Be Startin' Somethin'Thriller - Michael Jackson
40.8%
Speak to MeThe Dark Side of the Moon - Pink Floyd
37.7%
Like a Rolling StoneHighway 61 Revisited - Bob Dylan
32%
Around the WorldCalifornication - Red Hot Chili Peppers
30.2%
AirbagOK Computer - Radiohead
27.9%
Opening Track Album % Correct
Gimme ShelterLet It Bleed - The Rolling Stones
27.9%
Neighborhood #1 (Tunnels)Funeral - Arcade Fire
24.5%
I Am the SeaQuadrophenia - The Who
22.7%
Bitter Sweet SymphonyUrban Hymns - The Verve
19.6%
Square OneX&Y - Coldplay
15.3%
The King of Carrot Flowers, Pt. 1In the Aeroplane Over the Sea - Neutral Milk Hotel
14.8%
Don't Stand So Close to MeZenyatta Mondatta - The Police
13.9%
So WhatKind of Blue - Miles Davis
13.2%
Fight TestYoshimi Battles the Pink Robots - The Flaming Lips
13.2%
Play the GameThe Game - Queen
12.1%
GoVs. - Pearl Jam
10.3%
Let It RockSlippery When Wet - Bon Jovi
7.1%
The Boomin' SystemMama Said Knock You Out - LL Cool J
2.6%

You're not logged in!

Compare scores with friends on all Sporcle quizzes.
OR
Log In

Sporcle TV

Today on Sporcle TV


Watch our educational content, quiz creation guides, and fun videos on Sporcle TV.

Show Comments

Extras

Top Quizzes Today


Score Distribution

Paid Content

Your Account Isn't Verified!

In order to create a playlist on Sporcle, you need to verify the email address you used during registration. Go to your Sporcle Settings to finish the process.

Report this User

Report this user for behavior that violates our Community Guidelines.

Details: